书目信息 |
| 题名: |
生物数学入门
|
|
| 作者: | D.梅钦 著 | |
| 分册: | ||
| 出版信息: | 兰州 人民卫生出版社 1979.07 |
|
| 页数: | 190页 | |
| 开本: | 32开 | |
| 丛书名: | ||
| 单 册: | ||
| 中图分类: | O29:Q | |
| 科图分类: | ||
| 主题词: | 应用数学 , 数学--应用 | |
| 电子资源: | ||
| ISBN: | ||
| 000 | 00538nam0 2200205 45 | |
| 001 | 0006191155 | |
| 005 | 20000619113412.6 | |
| 010 | @d0.53元 | |
| 100 | @a20000619d1979 km y0chiy0120 ea | |
| 101 | 0 | @achi |
| 105 | @a z 000yy | |
| 200 | 1 | @a生物数学入门@ASheng Wu Shu Xue Ru Men@fD.梅钦著@FD.Mei Qin Zhu |
| 210 | @a兰州@c人民卫生出版社@d1979.07 | |
| 215 | @a190页@d32开 | |
| 606 | 0 | @a应用数学 |
| 606 | 0 | @a数学@x应用 |
| 690 | @aO29:Q@v3 | |
| 701 | 0 | @aD.梅钦@4著 |
| 801 | @aCN@bPftUser@c20000619 | |
| 905 | @b206016@dO29:Q@eM484@f1 | |
| 生物数学入门/D.梅钦著.-兰州:人民卫生出版社,1979.07 |
| 190页;32开 |
| ISBN :0.53元 |
| ● |
| 相关链接 |
|
|
|
正题名:生物数学入门
索取号:O29:Q/M484
 
预约/预借
| 序号 | 登录号 | 条形码 | 馆藏地/架位号 | 状态 | 备注 |
| 1 | 206016 | 202060161 | 自科二线504/504自科库 23排1列1层/ [索取号:O29:Q/M484] | 在馆 |